Countries with the Most Wheat Imports - Statistics

General Stats
  • This quiz has been taken 62 times
  • The average score is 14 of 20
Answer Stats
Rank Import Values Largest Importers % Correct
13. $1.03 Billion China
94%
20. $705.1 Million United States
92%
5. $1.5 Billion Japan
88%
10. $1.15 Billion Brazil
87%
11. $1.09 Billion Mexico
77%
9. $1.20 Billion Spain
77%
1. $3.6 Billion Indonesia
75%
2. $2.6 Billion Egypt
73%
19. $833.4 Million Germany
73%
16. $957.6 Million South Korea
73%
4. $1.7 Billion Italy
69%
18. $846.9 Million Morocco
63%
12. $1.04 Billion Turkey
63%
3. $1.8 Billion Algeria
60%
6. $1.24 Billion Nigeria
60%
8. $1.22 Billion Philippines
60%
15. $965.6 Million Vietnam
60%
14. $1.02 Billion Netherlands
52%
7. $1.22 Billion Bangladesh
48%
17. $930.6 Million Belgium
42%
No matching quizzes found
Score Distribution
Percent of People with Each Score
Percentile by Number Answered
Your Score History
You have not taken this quiz